000 00914nam a2200229Ia 4500
001 9573
003 GE_BSU
008 181216s||||||||xx |||||||||||||| ||und||
040 _cGE_BSU
080 _a821.353.1–32+821.353.1-2+392(=353.1)
100 _aმჭედლიშვილი,იოსებ
245 _aუიანა–ბუიანა
245 _bმოთხრობები,პიესები,ეთნოგრ.წერილები
245 _cრედ.ლ.ფოფხაძე,,მხატვ.ლ.გუდიაშვილი
260 _aთბილისი
260 _bსაბჭოთა საქართველო
260 _c1966
300 _a431გვ.ილ.21სმ.
653 _aმოთხრობები,პიესები,ეთნოგრ.წერილები
653 _aუიანა–ბუიანა
942 _cBK
999 _c42865
_d42865